Estadísticas para Marcas de galletas España

Haz click aquí para intentar la prueba.

Estadísticas generales

  • Esta prueba ha sido intentada 154 veces
  • La puntuación promedio es 4 de 12

Estadísticas de respuestas

Marcas% Correcto
Cuétara
95%
Lu
63%
Oreo
60%
Artiach
55%
Gullón
44%
Chips Ahoy
41%
Marca Blanca
31%
Fontaneda
26%
Milka
20%
Nocilla
10%
Birba
4%
Natur Green
1%

Distribución de puntuación

Porcentaje por número respondido

Porcentaje de gente con cada puntuación

Historial de tus puntuaciones

No has intentado esta prueba.